|
|
|
|
| LEADER |
00000nam a2200000 a 4500 |
| 001 |
UCI6302 |
| 003 |
CL-VaPUC |
| 008 |
080430e20050000MX |||||||||||||||||spa|d |
| 020 |
|
|
|a 9682473594
|
| 082 |
0 |
4 |
|a 372.21
|b MAL
|2 21
|
| 100 |
|
|
|a Malagón y Montes, María Guadalupe
|e autora
|9 529243
|
| 245 |
1 |
4 |
|a Las competencias y los métodos didácticos en el jardín de niños
|
| 250 |
|
|
|a 2a. ed
|
| 300 |
|
|
|a 196 p
|
| 942 |
|
|
|c BK
|
| 945 |
|
|
|d 20080430 00:00:00
|a rbrito
|
| 260 |
|
|
|a Ciudad de México
|b Trillas
|c 2005
|
| 650 |
|
0 |
|a Educación preescolar
|9 260381
|
| 650 |
|
0 |
|a Métodos de enseñanza
|9 270413
|
| 650 |
|
0 |
|a Currículo
|9 307290
|
| 650 |
|
0 |
|a Enseñanza
|9 256457
|
| 583 |
|
|
|a last modification
|c 20080430 00:00:00
|k Rodrigo Vera
|
| 999 |
|
|
|c 329825
|d 329823
|
| 952 |
|
|
|0 0
|1 0
|4 0
|6 372_210000000000000_MAL_2005
|7 0
|8 A
|9 414935
|a BIBEDU
|b BIBEDU
|c ES_NOD
|d 2019-11-22
|i 4434978
|o 372.21 MAL 2005
|p 4434978
|r 2023-08-09
|w 2019-11-22
|y BK
|k PAR
|